000 00730nam a2200229 i 4500
001 000035990
003 DO-SdBNP
005 20250716130857.0
008 111121s2004 dr a 000 0 spa d
040 _aDO-SdBNP
_bspa
_cBNPHU
041 _aspa
082 4 _axxx
_bM385a
_222
100 1 _aMartínez, Ramón,
_d1966-
_eautor
_4aut.
_959629
245 1 0 _aAprenda a leer el acordeón en el pentagrama /
_cRamón Martínez.
264 _aSanto Domingo :
_bDigitos,
_c[19--?].
300 _avolumen :
_bilustraciones, partituras ;
_c28 cm.
336 _atexto
_btxt
_2rdacontent
337 _asin mediación
_bn
_2rdamedia
338 _avolumen
_bnc
_2rdacarrier
490 _aUn aporte a la cultura dominicana
942 _2ddc
_cLBS1
999 _c35481
_d35481